00689 2200217 4500001002100000005001500021035002000036007000300056008004100059020001800100082001400118084002000132100002400152245013000176250002000306260004500326300002500371700002500396600001400421856003600435INLIS00000000000170920201009083237 a0010-1020000409ta201009 g 0 ind  a979-805-760-3 a336.241.7 a336.241.7 RIM p0 aRimsky K. Judisseno1 aPajak & Strategi Bisnis :bSuatu Tinjauan tentang kepastian Hukum dan Penerapan Akuntansi di Indonesia /cRimsky K. Judisseno aCetakan Keempat aJakarta :bGramedia Pustaka Utama,c2005 a494 Halaman ;c25 cm0 aJ. Dwi Helly Purnomo 4aAKUNTANSI aPerpustakaan Umum Kota Makassar